Beatles Standardized Albums - Sudden Death - Statistics

General Stats
  • This quiz has been taken 390 times
  • The average score is 9 of 14
Answers on the Grid
Answers color-coded by a green-red scale on the quiz's grid according to % correct below.
Sgt. Pepper's Lonely Hearts Club Band
The Beatles' Story
Love Songs
Help!
Yellow Submarine
The Beatles' Second Album
Yesterday and Today
Abbey Road
Introducing... The Beatles
With the Beatles
Rubber Soul
Let It Be
Hey Jude
The Beatles ("The White Album")
Revolver
1
Please Please Me
A Hard Day's Night
Magical Mystery Tour
Something New
Love
Beatles for Sale
Past Masters
Meet the Beatles!
 
Answer Stats
Answer % Correct
Sgt. Pepper's Lonely Hearts Club Band
94%
Help!
83%
Abbey Road
82%
Yellow Submarine
69%
Let It Be
67%
Rubber Soul
65%
The Beatles ("The White Album")
62%
Revolver
60%
Magical Mystery Tour
55%
A Hard Day's Night
53%
Beatles for Sale
48%
Please Please Me
48%
With the Beatles
47%
Past Masters
20%
No matching quizzes found
Score Distribution
Percent of People with Each Score
Percentile by Number Answered
Your Score History
You have not taken this quiz